000 01037nam0a22002771 4500
001 rc\149421
005 20250620210415.0
010 _a5-85912-003-6
_9200000
035 _a(NLR Aleph) 005418126
090 _a7445763
_c7445763
100 _a20030307d1991 |||y0rusy50 ca
101 0 _arus
102 _aRU
105 _ay |||||||||
200 1 _aДорога на Север
_e[Бестселлер короля вестернов
_eПер. с англ.]
_fЛюис Лямур
210 _aМ.
_cЗмей Горыныч
_cВнешторгиздат
_d1991
215 _a174, [2] с.
_d20
327 1 _aСодерж.: Дорога на Север; Верхом по темной тропе
464 0 _12001#$aДорога на Север
_tДорога на Север
464 0 _12001#$aВерхом по темной тропе
_tВерхом по темной тропе
700 1 _aЛямур
_bЛ.
_gЛюис
801 0 _aRU
_bNLR
_gpsbo
801 1 _aRU
_bELAR
_2rusmarc
852 _aNLR
_j91-3/7384
942 _cBOOK
980 _aNB